000 00324nam a22001331a 4500
999 _c161974
_d161974
082 _a294.592 304 6
_bVAI/M
100 _aVaidya C V
245 _aThe mahabharata :
_ba criticism/
_cby Vaidya C V.
260 _aNew Delhi:
_bCosmo,
_c1983.
650 _aMahabharata
650 _aHinduism
650 _aReligion
942 _cBK